000 00775nam a22002531 4500
001 bimo0000958072
003 OSt
005 20130529120454.0
008 900725s1970 sp spa
017 _aM 27525-1969
_bOficina Depósito Legal Madrid
035 _a(OCoLC)431468536
040 _aSpMaBN
_cBMC
041 1 _aspa
082 _a910.45
100 _aGosse, Philip
_d1879-1959
_9563
245 1 4 _aLos piratas del Oeste
_b ; Los piratas de Oriente : (historia de la piratería)
_cPhilip Gosse ; [traducción del inglés por Lino Novás Calvo]
250 _a4ª ed
260 0 _aMadrid
_bEspasa-Calpe
_c1970
300 _a221 p.
_c18 cm
490 0 _aAustral
_v814
650 _9576
_aPiratas
700 _aNovás Calvo, Lino
_d1905-1983
_9564
942 _2ddc
_cBK
999 _c502
_d502